000
00313nam a22001457a 4500
008
221010b ||||| |||| 00| 0 eng d
020
_a
9780070652026
041
_a
eng
080
_a
721
082
_a
721
100
_a
20.2
101
_a
NDER
245
_a
STRUCTURAL ANALYSIS
_c
TRANTINA G
942
_2
udc
_c
BK
999
_c
58448
_d
58448